000 00328nam a22001337a 4500
008 180216b xxu||||| |||| 00| 0 eng d
020 _a9780697062581
041 _aeng
080 _22nd
_a91
100 _a42
101 _aGJEO
245 _aOceanography an introduction to the marine environment
_cDavis,R.A
942 _2udc
_cBK
999 _c42792
_d42792